| 000 | 00381cam a2200145ua 4500 | ||
|---|---|---|---|
| 041 |
_amal _h |
||
| 082 |
_a894.812308 _bPUR/KA |
||
| 100 | _aPurushothaman, V . | ||
| 245 |
_aKalankamuttakalatram / _cV Purushothaman. _hTextual Documents |
||
| 260 |
_aKollam : _bSri Ramavilasam Press & Book Depot , _c1961. |
||
| 300 | _a234 ; . | ||
| 504 | _a | ||
| 942 | _cBK | ||
| 999 |
_c6074 _d6074 |
||